Problemy finansovogo kontrolja v učreždenijach sistemy zdravoochranenija Slovakii

Problematika finančnej kontroly v zdravotníckych zariadeniach Slovenskej republiky. Neefektívnosť rozdeľovania finančných zdrojov. Príjmy, finančné výsledky a zadlženosť fakultných a univerzitných polikliník a nemocníc. Nevyhnutnosť moderného finančného manažmentu a kontrolingu.

Gespeichert in:
Bibliographische Detailangaben
1. Verfasser: Neubauerová, Erika, 1968-
Weitere Verfasser: Dubrovina, Nadiya, 1972-, Beličková, Kornélia, 1966-, Zamjatin, Petr
Format: Buchkapitel
Sprache:Russisch
Schlagworte:
Tags: Tag hinzufügen
Keine Tags, Fügen Sie das erste Tag hinzu!

MARC

LEADER 00000naa$a2200000$$$4500
001 0211106
005 20240502083527.3
041 0 |a rus 
044 |a PL 
245 1 0 |a Problemy finansovogo kontrolja v učreždenijach sistemy zdravoochranenija Slovakii  |c Erika Neubauerová, Nadiya Dubrovina, Kornélia Beličková, Petr Zamjatin 
520 |a Problematika finančnej kontroly v zdravotníckych zariadeniach Slovenskej republiky. Neefektívnosť rozdeľovania finančných zdrojov. Príjmy, finančné výsledky a zadlženosť fakultných a univerzitných polikliník a nemocníc. Nevyhnutnosť moderného finančného manažmentu a kontrolingu. 
610 2 0 |a zdravotníctvo verejné 
610 2 0 |a riadenie finančné 
610 2 0 |a kontroling finančný 
610 2 0 |a nemocnice 
610 2 0 |a zariadenia zdravotnícke 
610 2 0 |a Slovensko 
100 1 |a Neubauerová, Erika, 1968- 
700 1 |a Dubrovina, Nadiya, 1972- 
700 1 |a Beličková, Kornélia, 1966- 
700 1 |a Zamjatin, Petr